<?xml version="1.0" encoding="UTF-8"?>
<collection xmlns="http://www.loc.gov/MARC21/slim">
 <record>
  <leader>01501nam a2200217Ia 4500</leader>
  <controlfield tag="001">CTU_16855</controlfield>
  <controlfield tag="008">210402s9999    xx            000 0 und d</controlfield>
  <datafield tag="020" ind1=" " ind2=" ">
   <subfield code="b">53000đ</subfield>
  </datafield>
  <datafield tag="082" ind1=" " ind2=" ">
   <subfield code="a">004.03</subfield>
  </datafield>
  <datafield tag="082" ind1=" " ind2=" ">
   <subfield code="b">M619</subfield>
  </datafield>
  <datafield tag="110" ind1=" " ind2=" ">
   <subfield code="a">Microsoft Press</subfield>
  </datafield>
  <datafield tag="245" ind1=" " ind2="0">
   <subfield code="a">Từ điển máy tính Anh - Việt :</subfield>
  </datafield>
  <datafield tag="245" ind1=" " ind2="0">
   <subfield code="b">Giải thích và minh họa = Computer dictionary : New definitions and illustrations</subfield>
  </datafield>
  <datafield tag="245" ind1=" " ind2="0">
   <subfield code="c">Microsoft Press ; Người dịch: Nguyễn Đức Ái</subfield>
  </datafield>
  <datafield tag="260" ind1=" " ind2=" ">
   <subfield code="a">Hà Nội</subfield>
  </datafield>
  <datafield tag="260" ind1=" " ind2=" ">
   <subfield code="b">Khoa học và Kỹ thuật</subfield>
  </datafield>
  <datafield tag="260" ind1=" " ind2=" ">
   <subfield code="c">1995</subfield>
  </datafield>
  <datafield tag="520" ind1=" " ind2=" ">
   <subfield code="a">Sách cung cấp những thuật ngữ thuộc rất nhiều chủ đề: ứng dụng, truyền thông, dữ liệu và lưu trử dữ liệu, cơ sở dữ liệu, in ấn tại văn phòng, điện tử học, phần cứng, lịch sử, xử lý thông tin, mạng, thiết bị ra, lập trình, hệ và môi trường. Các mục từ được xếp theo vần chữ cái. Sách còn hướng dẫn cáchphát âm ở những từ cần thiết. Các hình vẽ, ảnh và sơ đồ làm rõ hơn cho nhiều định nghĩa. Các mục từ đều có nêu các tham khảo chéo nhằm cung cấp thêm thông tin và khuyến khích tìm hiểu tiếp.</subfield>
  </datafield>
  <datafield tag="650" ind1=" " ind2=" ">
   <subfield code="a">Computer science</subfield>
  </datafield>
  <datafield tag="904" ind1=" " ind2=" ">
   <subfield code="i">Minh</subfield>
  </datafield>
  <datafield tag="980" ind1=" " ind2=" ">
   <subfield code="a">Trung tâm Học liệu Trường Đại học Cần Thơ</subfield>
  </datafield>
 </record>
</collection>
